Two-word US cities and towns (5 letters) Quiz Stats

Quiz not verified by Sporcle

Challenge
Share
Tweet
Embed
Score 0/130 Timer 20:00
0 Plays Today
Population City, town % Correct
384,452Baton Rouge
95.2%
318,416Saint Louis
91.6%
300,851Saint Paul
90.4%
324,528Santa Ana
90.4%
171,544Sioux Falls
89.2%
249,688Saint Petersburg
86.7%
176,815Santa Clarita
85.5%
188,040Grand Rapids
85.5%
116,468Santa Clara
85.5%
82,684Sioux City
83.1%
126,326Cedar Rapids
81.9%
104,057Green Bay
81.9%
97,471North Charleston
79.5%
100,886South Bend
79.5%
54,842Saint Peters
79.5%
243,916Chula Vista
77.1%
88,410Santa Barbara
74.7%
58,508Great Falls
73.5%
167,815Santa Rosa
72.3%
183,372Grand Prairie
68.7%
99,553Santa Maria
67.5%
89,736Santa Monica
67.5%
73,569Rapid City
67.5%
57,011Grand Forks
66.3%
77,147Saint Joseph
65.1%
59,184Idaho Falls
65.1%
93,853Sandy Springs
63.9%
67,947Santa Fe
63.9%
126,604Coral Springs
60.2%
60,210Grand Junction
60.2%
51,236Grand Island
60.2%
72,897Saint George
57.8%
67,780Mount Vernon
57.8%
33,132Mount Vernon
57.8%
91,026Miami Beach
56.6%
59,946Santa Cruz
55.4%
111,378Miami Gardens
54.2%
32,078North Providence
54.2%
58,786North Miami
53%
67,569Saint Charles
50.6%
32,974Saint Charles
50.6%
39,260Cedar Falls
48.2%
61,025Terre Haute
47%
67,843Mount Pleasant
45.8%
Population City, town % Correct
43,724Mount Pleasant
45.8%
25,424South Portland
45.8%
26,197Mount Pleasant
45.8%
109,821Round Rock
44.6%
57,258White Plains
43.4%
49,631Coral Gables
42.2%
69,135Apple Valley
41%
51,221Apple Valley
41%
67,109Saint Cloud
39.8%
35,183Saint Cloud
39.8%
76,728Johns Creek
36.1%
69,516Union City
36.1%
66,455Union City
36.1%
28,857Cedar City
36.1%
68,385Maple Grove
34.9%
50,418South Jordan
34.9%
109,960Costa Mesa
33.7%
83,860Sugar Land
33.7%
64,234Yorba Linda
33.7%
55,806Rocky Mount
32.5%
57,357North Port
31.3%
43,417South Brunswick
30.1%
40,742North Brunswick
30.1%
80,530Buena Park
28.9%
46,081Texas City
28.9%
32,574North Chicago
28.9%
28,159Dodge City
27.7%
60,773North Bergen
26.5%
61,238Cedar Park
26.5%
226,322North Hempstead
25.3%
94,396South Gate
24.1%
82,779Upper Darby
24.1%
74,799Chino Hills
22.9%
31,910Walla Walla
22.9%
29,321Santa Paula
22.9%
50,814Perth Amboy
21.7%
41,023North Lauderdale
21.7%
33,484Olive Branch
20.5%
31,501North Tonawanda
20.5%
25,619South Pasadena
18.1%
26,486North Kingstown
18.1%
57,236Royal Oak
16.9%
47,823Aliso Viejo
15.7%
54,167Mount Prospect
14.5%
Population City, town % Correct
41,983State College
14.5%
38,101Huber Heights
14.5%
35,575Grove City
14.5%
30,639South Kingstown
14.5%
25,125Maple Valley
14.5%
41,864Mount Laurel
13.3%
32,026Menlo Park
13.3%
30,571Miami Lakes
13.3%
28,352North Andover
13.3%
46,663Cedar Hill
12%
58,143Lower Merion
12%
28,117Mount Olive
12%
32,718North Olmsted
10.8%
33,771Upper Arlington
10.8%
25,709South Windsor
9.6%
25,320Lemon Grove
9.6%
35,938Goose Creek
8.4%
31,377Holly Springs
8.4%
28,712North Attleborough
8.4%
32,642Lower Makefield
7.2%
30,166Wheat Ridge
7.2%
26,361Queen Creek
7.2%
28,544Upper Merion
7.2%
30,731Dania Beach
6%
33,102Mount Lebanon
6%
34,721Plant City
6%
25,120Balch Springs
6%
30,444North Royalton
4.8%
26,461Bella Vista
4.8%
47,613Lower Paxton
3.6%
29,465North Ridgeville
3.6%
28,210Allen Park
3.6%
28,329Eagle Pass
3.6%
28,412Crown Point
2.4%
25,282Prior Lake
2.4%
25,623Lower Providence
2.4%
37,508Grand Blanc
1.2%
30,019White Lake
1.2%
31,300Lower Macungie
1.2%
30,749North Huntingdon
1.2%
39,711Carol Stream
0%
26,098Upper Dublin
0%

You're not logged in!

Compare scores with friends on all Sporcle quizzes.
Sign Up with Email
OR
Log In

You Might Also Like...

Show Comments

Extras

Top Quizzes Today


Score Distribution

Your Account Isn't Verified!

In order to create a playlist on Sporcle, you need to verify the email address you used during registration. Go to your Sporcle Settings to finish the process.